| 000 | 01258cad a22002175a 4500 | ||
|---|---|---|---|
| 001 | L157248 | ||
| 008 | 121005s2012 xxk f 000 0 eng d | ||
| 035 | _a(Sirsi) u157248 | ||
| 041 | 0 | _aeng | |
| 110 | 2 |
_aKnight Frank _91530 |
|
| 245 | 0 | 0 |
_a2012 European logistics and industrial market report _h[electronic resource] |
| 260 | _c2012 | ||
| 490 | 0 |
_aKnight Frank European Logistics and Industrial Market Report _v2012 |
|
| 520 | _aPrime logistics rents have remained broadly unchanged in the majority of European markets since the start of 2011. Investment volumes have eased with around Euros 5.2bn of industrial and logistics property transacted in Europe during H1 2012, 24% less than in the same period of 2011. Speculative development activity continues to be scarce across Europe with developers remaining reluctant to commence new schemes without pre-lets in place. | ||
| 590 | _aNTK KA | ||
| 650 | 2 | 4 | _aKNIGHT FRANK EUROPEAN LOGISTICS AND INDUSTRIAL MARKET REPORT |
| 651 | 4 | _aEurope | |
| 690 |
_aCommercial property _96227 |
||
| 856 | 4 | 0 |
_uhttps://my.knightfrank.com/research/?regionid=6 _zView the report free of charge (highlight Europe and Commercial links in the refine box, then click on title link) at www.knightfrank.com |
| 942 | _n0 | ||
| 999 |
_c114675 _d114675 |
||